000 00295nam a2200133 i 4500
001 bg
100 1 _aSLEGEL', G.
245 0 _aObscaja mikrobiologija /
_cG. Slegel'.
260 _aMoskva,
_c1987.
040 _cBPK
041 _apol
942 _cKS
008 s pl f |000 0 pol
999 _c23942
_d23942